Países irreligiosos - Estadísticas

Estadísticas generales
  • Esta prueba ha sido intentada 4.082 veces
    1.716 desde el último reinicio
  • La puntuación promedio es 12 de 20
Estadísticas de respuestas
% País % Correcto
90 China
85%
60 Japón
82%
62 Noruega
78%
73 Suecia
78%
57 España
77%
60 Alemania
75%
57 Canadá
72%
60 Corea del Sur
72%
63 Australia
70%
61 Dinamarca
68%
69 Reino Unido
68%
58 Suiza
68%
66 Países Bajos
65%
64 Bélgica
63%
56 Irlanda
57%
60 Estonia
56%
72 República Checa
52%
63 Vietnam
43%
58 Israel
14%
64 Azerbaiyán
7%
No se encontraron pruebas coincidentes
Distribución de puntuación
Porcentaje de gente con cada puntuación
Porcentaje por número respondido
Historial de tus puntuaciones
No has intentado esta prueba desde el último reinicio